| 000 | 00313cam a2200109ua 4500 | ||
|---|---|---|---|
| 082 |
_a631.45 _bDHR/SO |
||
| 100 | _aDhruva Narayana, V.V. | ||
| 245 | _aSoil and Water conservation Research in India / | ||
| 260 |
_aNew Delhi : _bIndian Council for Agricultural Research , _c2002. |
||
| 300 | _a453 ; . | ||
| 942 | _cBK | ||
| 999 |
_c11989 _d11989 |
||